000 00578nam a22001937a 4500
003 BD-DhJNU
005 20250408064014.0
008 250408b |||||||| |||| 00| 0 eng d
020 _a9840510975
040 _aBD-DhJNU
_bENG
_cBD-DhJNU
_dBD-DhJNU
082 _223
_a320.95492
100 _aManiruzzaman, Talukder
245 _aThe Bangladesh revolution and its aftermath /
_cTalukder Maniruzzaman
260 _aDhaka :
_bThe University Press LTD,
_c2003.
300 _axviii, 262 p. :
_bill. ;
_c21 cm.
504 _aincludes index
650 _aRevolution
942 _2ddc
_cBK
_n0
999 _c1549
_d1549